| 000 -LEADER |
| fixed length control field |
00804nam a2200241Ia 4500 |
| 001 - CONTROL NUMBER |
| control field |
21398 |
| 003 - CONTROL NUMBER IDENTIFIER |
| control field |
GE_BSU |
| 005 - DATE AND TIME OF LATEST TRANSACTION |
| control field |
20221122164029.0 |
| 008 - FIXED-LENGTH DATA ELEMENTS--GENERAL INFORMATION |
| fixed length control field |
181216s2016||||enk|||||||||||||| ||eng|| |
| 020 ## - INTERNATIONAL STANDARD BOOK NUMBER |
| International Standard Book Number |
9781906860325x |
| 040 ## - CATALOGING SOURCE |
| Transcribing agency |
GE_BSU |
| 041 ## - LANGUAGE CODE |
| Language code of text/sound track or separate title |
eng |
| 080 ## - UNIVERSAL DECIMAL CLASSIFICATION NUMBER |
| Universal Decimal Classification number |
621.31 S-70 |
| 245 ## - TITLE STATEMENT |
| Title |
Solar Energy : |
| Remainder of title |
The Physics and Engineering of Photovoltaic Conversion, Technologies and Systems / |
| Statement of responsibility, etc. |
Arno Smets, Klaus Jäger, Isabella Olindo, René van Swaaij, Miro Zeman. |
| 264 ## - PRODUCTION, PUBLICATION, DISTRIBUTION, MANUFACTURE, AND COPYRIGHT NOTICE |
| Place of production, publication, distribution, manufacture |
Cambridge : |
| Name of producer, publisher, distributor, manufacturer |
UIT Cambridge Ltd, |
| Date of production, publication, distribution, manufacture, or copyright notice |
2016. |
| 300 ## - PHYSICAL DESCRIPTION |
| Extent |
462 p. : |
| Other physical details |
ill. ; |
| Dimensions |
24 cm. |
| 653 ## - INDEX TERM--UNCONTROLLED |
| keyword |
Solar Energy |
| 653 ## - INDEX TERM--UNCONTROLLED |
| keyword |
The Physics and Engineering of Photovoltaic Conversion, Technologies and Systems |
| 653 ## - INDEX TERM--UNCONTROLLED |
| keyword |
Физика |
| 653 ## - INDEX TERM--UNCONTROLLED |
| keyword |
ფიზიკა |
| 942 ## - ADDED ENTRY ELEMENTS (KOHA) |
| Koha item type |
წიგნი |
| Source of classification or shelving scheme |
|